| 000 | 00761cam a2200217 a 4500 | ||
|---|---|---|---|
| 001 | 000024095 | ||
| 005 | 20240510192657.0 | ||
| 008 | 990427s1998 uy a b 000 0 spa d | ||
| 020 | _a9806397517 | ||
| 040 |
_aDO-SdBNP _cDLC _bspa _dBNPHU |
||
| 043 | _as-ve--- | ||
| 082 |
_a333.7 _bB967g |
||
| 100 | 1 |
_aBuroz Castillo, Eduardo, _949498 |
|
| 245 | 1 | 3 |
_aLa gestión ambiental : _bmarco de referencia para las evaluaciones de impacto ambiental / _cEduardo Buroz Castillo ; presentación de Leonor Giménez de Mendoza. |
| 260 |
_a[Caracas, Venezuela] : _bFundacion Polar, _c1998. |
||
| 300 |
_a376 p. : _bil. ; _c23 cm. |
||
| 650 | 0 |
_aMedio ambiente _99250 |
|
| 650 | 4 |
_aImpacto ambiental _922172 |
|
| 700 | 1 |
_aGiménez de Mendoza, Leonor, _949499 |
|
| 049 | _aBNGR | ||
| 999 |
_c23590 _d23590 |
||